Historia viva. Memorias
Uloženo v:
| Hlavní autor: | |
|---|---|
| Další autoři: | |
| Médium: | Kniha |
| Jazyk: | angličtina španělština |
| Vydáno: |
Barcelona, España
Editorial Planeta S.A.
2003
|
| Vydání: | Primera edición |
| Témata: | |
| Tagy: |
Přidat tag
Žádné tagy, Buďte první, kdo vytvoří štítek k tomuto záznamu!
|
MARC
| LEADER | 00000nam a22000007a 4500 | ||
|---|---|---|---|
| 003 | CL-VaPUC | ||
| 005 | 20240821123533.0 | ||
| 008 | 210610b ||||| |||| 00| 0 eng d | ||
| 999 | |c 433083 |d 433081 | ||
| 020 | |a 8408049321 | ||
| 040 | |c Pontificia Universidad Católica de Valparaíso | ||
| 041 | 0 | |a spa | |
| 082 | 0 | 4 | |2 21 |a 973.929092 CLI 2003 |
| 100 | 1 | |a Clinton, Hillary Rodham |e autora |9 861340 | |
| 245 | 1 | 0 | |a Historia viva. |b Memorias |
| 250 | |a Primera edición | ||
| 260 | 3 | |a Barcelona, España |b Editorial Planeta S.A. |c 2003 | |
| 300 | |a 619 páginas | ||
| 500 | |a Donación VRA N. Vásquez L. | ||
| 583 | |c 20210610 |k Daniel Castañeda | ||
| 600 | |q Hillary Rodham Clinton |x Mujeres en la política |y 1947- |9 861341 | ||
| 650 | 0 | 0 | |a Autobiografías |9 265171 |
| 650 | 0 | 0 | |9 354186 |a Historia de Estados Unidos |y Siglo 20 |
| 700 | 1 | |a Casanova, Claudia |e traductora |9 861342 | |
| 942 | |2 ddc |c BK | ||
| 952 | |0 0 |1 0 |2 ddc |4 0 |6 973_929092000000000_CLI_2003 |7 0 |8 A |9 578096 |a BIBHIS |b BIBHIS |d 2021-06-10 |i 5621801 |o 973.929092 CLI 2003 |p 5621801 |r 2025-01-20 |t 1 |w 2021-06-10 |y BK |k HIS | ||